Yata dvāra, tata araṇya. (Record no. 72890)

MARC details
000 -LEADER
fixed length control field 00532cam a22002171 4500
001 - CONTROL NUMBER
control field sa 67001868
003 - CONTROL NUMBER IDENTIFIER
control field DLC
005 - DATE AND TIME OF LATEST TRANSACTION
control field 20260227112326.0
008 - FIXED-LENGTH DATA ELEMENTS--GENERAL INFORMATION
fixed length control field 890626s1966 ii 000 1 beno
010 ## - LIBRARY OF CONGRESS CONTROL NUMBER
LC control number sa 67001868
035 ## - SYSTEM CONTROL NUMBER
System control number (OCoLC)19925830
040 ## - CATALOGING SOURCE
Original cataloging agency DLC
Transcribing agency WaU
Modifying agency DLC
042 ## - AUTHENTICATION CODE
Authentication code premarc
050 00 - LIBRARY OF CONGRESS CALL NUMBER
Classification number PK1730.14.A8356
Item number T3
100 1# - MAIN ENTRY--PERSONAL NAME
Personal name Bhattacharya, Lokenath,
Dates associated with a name 1927-2001.
245 10 - TITLE STATEMENT
Title Yata dvāra, tata araṇya.
260 ## - PUBLICATION, DISTRIBUTION, ETC.
Date of publication, distribution, etc. [1966]
300 ## - PHYSICAL DESCRIPTION
Extent 223 p.
Dimensions 22 cm.
500 ## - GENERAL NOTE
General note In Bengali.
500 ## - GENERAL NOTE
General note A novel.

No items available.

Powered by Koha